00310nam a2200133Ia 4500003000400000008004100004082001700045100002000062245003400082250000900116260002500125300001100150650001500161OSt191201s2005 xx 000 0 und d a621.815bMAH aMAITRA, Gitin M 0aHandbook of Mechanical Design a8 th aNew DelhibTMHc2005 a10.111 aB.Tech(ME)